| 000 | 01174nam a22002897a 4500 | ||
|---|---|---|---|
| 005 | 20180307144913.0 | ||
| 010 | _aBAC-EN21 ENG-111972 | ||
| 020 |
_a9789325977730 _c250.00 |
||
| 035 | _aEN-95504 | ||
| 035 | _aB-665092 | ||
| 037 |
_bPrakashan Sansthan/Ven _adpl |
||
| 037 | _bDBAD/PUB | ||
| 082 | _a658.872 | ||
| 100 |
_aMartin, Gail Z. _d1962- |
||
| 245 |
_aThirty (30) days to online PR & marketing success : _cby Gail Z. Martin _bthe 30 day results guide to making the most of twitter,facebook,linkedin,and blogging to grab headlines and get clients / |
||
| 260 |
_aNew Delhi _bWide Canvas _c2014 |
||
| 270 |
_aE-28, Sector-8, Noida _bUttar Pradesh _e201301 |
||
| 300 |
_a192p. _c21cm(pbk) |
||
| 500 | _aIncludes index | ||
| 650 | _aInternet marketing. | ||
| 650 | _aPublic relations. | ||
| 650 | _a Online social networks. | ||
| 650 | _aSocial media. | ||
| 942 |
_cEN _2ddc _mMAR _h658.872 |
||
| 999 |
_c89194 _d89194 |
||